RB Leipzig Squad 2019-2020 - Statistics

General Stats
  • This quiz has been taken 11 times
  • The average score is 19 of 33
Answer Stats
# Position Nation Player % Correct
1 GK Hungary Péter Gulácsi
100%
5 DF France Dayot Upamecano
91%
7 FW Austria Marcel Sabitzer
91%
10 FW Sweden Emil Forsberg
82%
11 FW Germany Timo Werner
82%
4 DF Hungary Willi Orban
82%
9 FW Denmark Yussuf Poulsen
82%
8 MF Mali Amadou Haidara
73%
3 DF Spain Angeliño
73%
25 MF Spain Dani Olmo
73%
6 DF France Ibrahima Konaté
73%
44 MF Slovenia Kevin Kampl
73%
21 FW Czech Republic Patrik Schick
73%
- Coach Germany Julian Nagelsmann
64%
16 DF Germany Lukas Klostermann
64%
23 DF Germany Marcel Halstenberg
64%
22 DF France Nordi Mukiele
64%
14 MF United States Tyler Adams
64%
17 FW Nigeria Ademola Lookman
55%
18 MF France Christopher Nkunku
55%
27 MF Austria Konrad Laimer
55%
28 GK Switzerland Yvon Mvogo
55%
26 DF Wales Ethan Ampadu
45%
20 FW Brazil Matheus Cunha
45%
13 MF Austria Stefan Ilsanker
45%
31 MF Germany Diego Demme
36%
19 MF Austria Hannes Wolf
36%
3 DF Uruguay Marcelo Saracchi
36%
35 FW Germany Fabrice Hartmann
18%
33 GK Germany Philipp Tschauner
18%
53 MF Germany Tom Krauß
18%
37 DF Germany Frederik Jäkel
9%
42 DF Germany Malik Talabidi
9%
No matching quizzes found
Score Distribution
Percent of People with Each Score
Percentile by Number Answered
Your Score History
You have not taken this quiz